01828 a2200193 45000010006000000050017000060080041000230030015000640400040000790800033001192450020001520200018001722500012001902640036002023000019002385051259002571000023015168560095015394754820260407155743.0260407a1982 arg spa dAR-UNSa-BCEJYS aAR-UNSa-BCEJYSbspacAR-UNSa-BCEJYS a330.101.542xMicroeconomía10aMicroeconomía a950-02-3604-4 a4a. ed. 1aBuenos Aires :bEl Ateneoc1982 a402 p.c22 cm. aIntroducción: Conceptos básicos de economía: 1. De qué trata la economía - 2. Cómo organiza la producción una economía de mercado - 3. Oferta y demanda - Primera Parte: Determinación de productos y asignación de recursos: 4. Elección del consumidor - 5. Elección del productor - 6. Estructuras del mercado: competencia perfecta - 7. Estructuras de mercado: monopolio, oligopolio, competencia monopólica - 8. Economía industrial en la práctica - Segunda Parte: El gobierno y la economía de mercado: 9. Poder de mercado: antitrust y regulación - 10. Fracaso de mercado: bienes públicos - 11. Bienes cuasi públicos: educación y cuidado de la salud - 12. Externalidades, recursos comunes y el ambiente - Tercera Parte: Determinación del precio de los factores y distribución del ingreso: 13. Precios de factores: salarios, interés, ganancia - 14. Mercado de trabajo: discriminación, sindicalismo y salarios mínimos - 15. Distribución del ingreso: antes y después de los impuestos - 16. Desigualdad, pobreza y política pública - Cuarta Parte: Plan de mercado: una comparación de sistemas: 17. Decisiones económicas con planeamiento centralizado - 18. Plan y mercado: Comparaciones y convergencia. 1 aReynolds, Lloyd G.41uhttps://biblioeco.unsa.edu.ar/pmb/images/libros/L127641.jpgyImagen de portadaqimage/jpeg